000 00550cam a22002291 4500
001 sa 68011761
003 DLC
005 20260227112604.0
008 900119s1968 pk 000 0 urdr
010 _asa 68011761
035 _a(OCoLC)20928132
040 _aDLC
_cWaU
_dDLC
042 _apremarc
043 _aa-pk---
050 0 0 _aJS7092
_b.H35
100 1 _aHasan, Masudul.
245 1 0 _aAfkār-i bunyādī jumhūriyyat.
260 _c[1968]
300 _a158 p.
_c18 cm.
500 _aIn Urdu.
650 0 _aLocal government
_zPakistan.
999 _c84103
_d84103